| 000 | 00369nam a2200121Ia 4500 | ||
|---|---|---|---|
| 008 | 230907s9999||||xx |||||||||||||| ||und|| | ||
| 082 |
_a328.41 _bNOR |
||
| 100 |
_aNorton, Philip. _9115924 |
||
| 245 | 0 | _aParliament in British politics / | |
| 260 |
_aPalgrave Macmillan, _bHoundmills, Basingstoke, Hampshire ; | New York : _c2005 |
||
| 300 | _axii, 289 p. ; | ||
| 942 | _cBK | ||
| 999 |
_c600158 _d600158 |
||